000 00553nam a2200241Ia 4500
003 0100
008 130303s9999 xx 000 0 und d
020 _a0385260229
040 _cARRUPELIB
050 _aBR128.C4C4813 1989
100 _aKung, Hans
245 _aChristianity and Chinese religions
260 _aNew York
260 _bDoubleday
260 _C1989
300 _axxiv
300 _b 309p. 22cm.
650 _bMythology
650 _cReligion, Primitive
650 _dMagic
700 _aChing, Julia
942 _2lcc
_03
999 _c60727
_d60727